00338pab a2200133 454500008004000000100001800040245003900058260000900097300001200106362001000118650002900128650001300157773003400170180718b2009 xxu||||| |||| 00| 0 eng d aAvinash Kumar aIllegitimacy of the state in Bihar c2009 ap.8-10. a31Oct aViolence - India - Bihar aViolence aEconomic and Political Weekly